Firebug 1.5 (Record no. 326796)

MARC details
000 -LEADER
fixed length control field 00491nam a2200169Ia 4500
008 - FIXED-LENGTH DATA ELEMENTS--GENERAL INFORMATION
fixed length control field 230718s9999 xx 000 0 und d
020 ## - INTERNATIONAL STANDARD BOOK NUMBER
International Standard Book Number 9789350231630
041 ## - LANGUAGE CODE
Language code of text/sound track or separate title eng
082 ## - DEWEY DECIMAL CLASSIFICATION NUMBER
Classification number 005.678
Item number LUT
100 ## - MAIN ENTRY--PERSONAL NAME
Personal name Luthra C.
9 (RLIN) 175385
245 ## - TITLE STATEMENT
Title Firebug 1.5
Remainder of title Editing, Debugging And Monitoring Web Pages
260 ## - PUBLICATION, DISTRIBUTION, ETC. (IMPRINT)
Date of publication, distribution, etc. 2010
Name of publisher, distributor, etc. Packt Publishing
300 ## - PHYSICAL DESCRIPTION
Extent 205
365 ## - TRADE PRICE
Currency code Rs.
Price amount 300.00
700 ## - ADDED ENTRY--PERSONAL NAME
Personal name Luthra C. & Mittal D.
9 (RLIN) 191763
906 ## - LOCAL DATA ELEMENT F, LDF (RLIN)
d O:0144230-Dec-2010B:643430-Nov-2010
c COMP
b 75
Holdings
Withdrawn status Lost status Damaged status Not for loan Home library Current library Date acquired Vendor Budget Code Cost, normal purchase price Bill number Total Checkouts Full call number Barcode Date last seen Discount Cost, replacement price Bill Date Koha item type Original Barcode
        Cummins College of Engineering for Women Pune Cummins College of Engineering for Women Pune 30/12/2010 Tbs COMP 225.00 6434   005.678 CCEP-BK-38003 18/07/2023 75 300.00 30/11/2010 Books 038003